[Event "DEN-chT 0910 48th"]
[Site "Denmark"]
[Date "2010.02.21"]
[Round "7.4"]
[White "Bekker Jensen, Simon"]
[Black "Greger, Roland Reinhard"]
[Result "1-0"]
[WhiteElo "2407"]
[BlackElo "2382"]
[PlyCount "77"]
[EventDate "2009.11.07"]
[EventType "team-tourn"]
[EventRounds "9"]
[EventCountry "DEN"]
[SourceTitle "EXT 2023"]
[Source "ChessBase"]
[SourceDate "2022.10.05"]
[SourceVersion "1"]
[SourceVersionDate "2022.10.05"]
[SourceQuality "1"]
[WhiteTeam "Bronshoj"]
[BlackTeam "Copenhagen K41"]
[WhiteTeamCountry "DEN"]
[BlackTeamCountry "DEN"]

1. d4 Nf6 2. c4 c5 3. d5 g6 4. Nc3 d6 5. e4 Bg7 6. Be2 0-0 7. Bg5 h6 8. Bf4 e6 9. dxe6 Bxe6 10. Qd2 Nc6 11. Bxh6 Bxh6 12. Qxh6 Nd4 13. Qd2 Qa5 14. Bd3 Nb3 15. axb3 Qxa1+ 16. Nd1 b5 17. h4 bxc4 18. bxc4 Rfe8 19. Ne2 Rab8 20. h5 Nxh5 21. Qg5 Kf8 22. g4 Bxg4 23. Qxg4 Rxb2 24. Nf4 Qa5+ 25. Kf1 Nxf4 26. Qxf4 Rd2 27. Be2 Re6 28. Qg5 Rxd1+ 29. Bxd1 Rxe4 30. Kg2 Kg7 31. Bf3 Re5 32. Qh6+ Kf6 33. Qh8+ Ke7 34. Rb1 Qd2 35. Bg4 Rf5 36. Rb7+ Ke6 37. Qe8+ Kf6 38. Rxf7+ Kg5 39. Bxf5 1-0

[Event "Valby K41 op 0910"]
[Site "Valby"]
[Date "2010.02.16"]
[Round "8"]
[White "Greger, Roland Reinhard"]
[Black "Porte, Henrik"]
[Result "1-0"]
[WhiteElo "2370"]
[BlackElo "2136"]
[PlyCount "81"]
[EventDate "2009.11.03"]
[EventType "swiss"]
[EventRounds "9"]
[EventCountry "DEN"]
[SourceTitle "EXT 2018"]
[Source "ChessBase"]
[SourceDate "2017.10.13"]
[SourceVersion "1"]
[SourceVersionDate "2017.10.13"]
[SourceQuality "1"]

1. e4 c6 2. d4 d5 3. e5 Bf5 4. Nc3 e6 5. g4 Bg6 6. Nge2 Nd7 7. h4 h6 8. Be3 Ne7 9. Qd2 c5 10. h5 Bh7 11. f4 Nc6 12. Bg2 Be7 13. 0-0 0-0 14. Rae1 Rc8 15. f5 cxd4 16. Nxd4 Ndxe5 17. fxe6 Nc4 18. Nxc6 bxc6 19. exf7+ Rxf7 20. Qe2 Nxe3 21. Qxe3 Qb6 22. Nxd5 cxd5 23. Qxb6 Rxf1+ 24. Kxf1 axb6 25. Rxe7 Kf8 26. Rb7 d4 27. c3 d3 28. Rd7 Re8 29. Bf3 Re6 30. Kf2 Re5 31. Rd6 b5 32. Rd5 Rxd5 33. Bxd5 Ke7 34. Bc6 Kf6 35. Bxb5 Kg5 36. Ke3 Kxg4 37. Be8 Kg3 38. a4 Kg2 39. a5 Kf1 40. Kd2 Be4 41. a6 1-0